000
00248 a2200097 4500
001
41784
100
_a
Compton's
245
_a
Compton's Pictured Encyclopedia & Fact Index Vol-XV)
260
_a
Chicago
_b
F E Compton & Co.
_c
090
_c
25895
_d
25895
942
_a
NUST-CAE
_c
M
_c
17663
999
_c
276857
_d
276857